Statistics for Paul the Apostle's Journeys on a Map

Click here to take the quiz!

General Stats

  • This quiz has been taken 551 times
    (211 since last reset)
  • The average score is 13 of 36

Answers on the Map

Answers color-coded by a green-red scale on the quiz's map according to % correct below.
 

Answer Stats

Place% Correct
Rome
94%
Athens
86%
Jerusalem
82%
Puteoli (Naples)
74%
The island of {Malta}
74%
Thessaloniki
68%
Syracuse
56%
Antioch (Antakya)
55%
Corinth
54%
Antioch of Pisidia
53%
Rhodes
47%
Tyre
47%
Rhegium (Reggio Calabria)
44%
Ephesus (Selçuk)
41%
Attalia (Antalya)
34%
Gortyn (Heraklion)
34%
Philippi (Filippoi)
32%
Tarsus
30%
Caesarea (Keisarya)
28%
Iconium (Konya)
28%
Paphos
27%
Troy
27%
Lystra
23%
Derbe
22%
Ptolemais (Acre)
22%
Salamis
19%
Berea (Veria)
18%
Miletus (Balat)
16%
Amphipolis
14%
Assos
12%
Issus (İskenderun)
12%
Myra
12%
Clauda (Gavdos)
11%
Knidos
11%
Patara
9%
Phoenix (Foinikas)
9%

Score Distribution

Percentile by Number Answered

Percent of People with Each Score

Your Score History

You have not taken this quiz since the last reset